Prisoner on a bus : (Record no. 615142)

000 -LEADER
fixed length control field 01019cam a2200337 a 4500
001 - CONTROL NUMBER
control field 13394062
005 - DATE AND TIME OF LATEST TRANSACTION
control field 20251009164848.0
008 - FIXED-LENGTH DATA ELEMENTS--GENERAL INFORMATION
fixed length control field 031017s2003 pk a 000 0 eng
010 ## - LIBRARY OF CONGRESS CONTROL NUMBER
LC control number 2003343278
020 ## - INTERNATIONAL STANDARD BOOK NUMBER
International Standard Book Number 9693515250
020 ## - INTERNATIONAL STANDARD BOOK NUMBER
International Standard Book Number 9789693515251
025 ## - OVERSEAS ACQUISITION NUMBER
Overseas acquisition number P-E-2003343278; 14
035 ## - SYSTEM CONTROL NUMBER
System control number 13394062
035 ## - SYSTEM CONTROL NUMBER
System control number (DLC) 2003343278
040 ## - CATALOGING SOURCE
Original cataloging agency DLC
Transcribing agency DLC
042 ## - AUTHENTICATION CODE
Authentication code lcode
-- pcc
043 ## - GEOGRAPHIC AREA CODE
Geographic area code a-pk---
050 00 - LIBRARY OF CONGRESS CALL NUMBER
Classification number DS377
Item number .R347 2003
082 ## - DEWEY DECIMAL CLASSIFICATION NUMBER
Classification number 954.9142,RAS
100 1# - MAIN ENTRY--PERSONAL NAME
Personal name Rashid, Salman,
Dates associated with a name 1952-
9 (RLIN) 3759
245 10 - TITLE STATEMENT
Title Prisoner on a bus :
Remainder of title travels through Pakistan /
Statement of responsibility, etc. Salman Rashid.
260 ## - PUBLICATION, DISTRIBUTION, ETC.
Place of publication, distribution, etc. Lahore :
Name of publisher, distributor, etc. Sang-e-Meel Publications,
Date of publication, distribution, etc. 2003.
300 ## - PHYSICAL DESCRIPTION
Extent 200 p. :
Other physical details col. ill. ;
Dimensions 29 cm.
336 ## - CONTENT TYPE
Content type term text
Content type code txt
Source rdacontent
337 ## - MEDIA TYPE
Media type term unmediated
Media type code n
Source rdamedia
338 ## - CARRIER TYPE
Carrier type term volume
Carrier type code nc
Source rdacarrier
600 10 - SUBJECT ADDED ENTRY--PERSONAL NAME
Personal name Rashid, Salman,
Dates associated with a name 1952-
General subdivision Travels
Geographic subdivision Pakistan.
9 (RLIN) 131084
651 #0 - SUBJECT ADDED ENTRY--GEOGRAPHIC NAME
Geographic name Pakistan
General subdivision Description and travel.
942 ## - ADDED ENTRY ELEMENTS (KOHA)
Source of classification or shelving scheme
Koha item type Book
Holdings
Withdrawn status Lost status Source of classification or shelving scheme Damaged status Not for loan Permanent Location Current Location Shelving location Date acquired Total Checkouts Full call number Barcode Date last seen Price effective from Koha item type Public note
          Military College of Signals (MCS) Military College of Signals (MCS) General Stacks 10/09/2025   954.9142,RAS MCS37985 10/09/2025 10/09/2025 Book Almirah No.76, Shelf No.3
© 2023 Central Library, National University of Sciences and Technology. All Rights Reserved.